| 000 | 00409nam a2200133 a 4500 | ||
|---|---|---|---|
| 005 | 20140414131914.0 | ||
| 008 | 090218s19uu xx 00 eng d | ||
| 050 |
_aFIC _bP64 2002 |
||
| 100 | _aPilkey, Dav | ||
| 245 |
_aCaptain underpants and the perilous plot of professor poopypants : _bthe fourth epic novel. |
||
| 260 |
_aNew York : _bScholastic , _c2002. |
||
| 440 | _aCaptain Underpants | ||
| 999 |
_c111381 _d111381 |
||